<?xml version="1.0" encoding="UTF-8"?><?xml-stylesheet type="text/xsl" href="static/style.xsl"?><OAI-PMH xmlns="http://www.openarchives.org/OAI/2.0/" xmlns:xsi="http://www.w3.org/2001/XMLSchema-instance" xsi:schemaLocation="http://www.openarchives.org/OAI/2.0/ http://www.openarchives.org/OAI/2.0/OAI-PMH.xsd"><responseDate>2026-06-02T10:55:54Z</responseDate><request verb="GetRecord" identifier="oai:riuma.uma.es:10630/10201" metadataPrefix="marc">https://riuma.uma.es/rest/oai/request</request><GetRecord><record><header><identifier>oai:riuma.uma.es:10630/10201</identifier><datestamp>2026-02-03T12:06:30Z</datestamp><setSpec>com_10630_2254</setSpec><setSpec>col_10630_37959</setSpec></header><metadata><record xmlns="http://www.loc.gov/MARC21/slim" xmlns:dcterms="http://purl.org/dc/terms/" xmlns:doc="http://www.lyncode.com/xoai" xmlns:xsi="http://www.w3.org/2001/XMLSchema-instance" xsi:schemaLocation="http://www.loc.gov/MARC21/slim http://www.loc.gov/standards/marcxml/schema/MARC21slim.xsd">
   <leader>00925njm 22002777a 4500</leader>
   <datafield ind2=" " ind1=" " tag="042">
      <subfield code="a">dc</subfield>
   </datafield>
   <datafield ind2=" " ind1=" " tag="720">
      <subfield code="a">Laserna-Vázquez, José Javier</subfield>
      <subfield code="e">author</subfield>
   </datafield>
   <datafield ind2=" " ind1=" " tag="260">
      <subfield code="c">2015-09-02</subfield>
   </datafield>
   <datafield ind2=" " ind1=" " tag="520">
      <subfield code="a">After decades of development in laboratories and land operations, chemical analysis of submerged objects is starting to become a reality. While the analysis of water at variable depth has been demonstrated in the past using florescence spectroscopy and Raman spectroscopy, determination of the atomic composition of submerged objects is much a more complex task. Technology based on laser-induced breakdown spectroscopy (LIBS) has been recently developed for such sub-sea operations. This paper will discuss the operating parameters of a marine LIBS analyzer. Metals, alloys, rocks, marble, concrete, can be analyzed at a depth of up to 50 m. The system has been tested in several coastal surveys in Mediterranean waters.</subfield>
   </datafield>
   <datafield ind1="8" ind2=" " tag="024">
      <subfield code="a">http://hdl.handle.net/10630/10201</subfield>
   </datafield>
   <datafield tag="653" ind2=" " ind1=" ">
      <subfield code="a">Espectroscopía de plasma inducido por láser</subfield>
   </datafield>
   <datafield ind2="0" ind1="0" tag="245">
      <subfield code="a">LIBS spectroscopy meets the ocean. Chemical analysis of archeological materials in Mediterranean waters</subfield>
   </datafield>
</record>
</metadata></record></GetRecord></OAI-PMH>